[Event "34th Chess Olympiad (women)"]
[Site "Istanbul"]
[Date "2000.11.02"]
[Round "6.12.1"]
[White "Medic, Mirjana"]
[Black "Foisor, Cristina Adela"]
[WhiteElo "2294"]
[BlackElo "2386"]
[WhiteCountry "CRO"]
[BlackCountry "ROM"]
[Result "1/2-1/2"]

1. d4 g6 2. c4 Bg7 3. g3 d6 4. Bg2 Nd7 5. Nf3 e5 6. O-O Ne7 7. e4 O-O 
8. Nc3 exd4 9. Nxd4 a6 10. h3 Rb8 11. Be3 Ne5 12. b3 c5 13. Nde2 b5 14. f4 N5c6 
15. Rc1 b4 16. Nd5 Bb7 17. g4 a5 18. e5 Nd4 19. Nxd4 cxd4 20. Bxd4 Nxd5 
21. cxd5 dxe5 22. Bxe5 Qb6+ 23. Kh1 Bxe5 24. fxe5 Rbd8 25. d6 Rfe8 26. Re1 Rd7 
27. Qd2 Bxg2+ 28. Qxg2 Qb5 29. Qg3 Qd5+ 30. Kg1 a4 31. g5 Qd2 32. Qg2 Rxd6 
33. exd6 Rxe1+ 34. Rxe1 Qxe1+ 35. Kh2 Qe5+ 36. Qg3 Qe2+ 37. Qg2 Qe5+ 
38. Qg3 Qe2+ 39. Qg2 Qe5+ 
1/2-1/2

[Event "34th Chess Olympiad (women)"]
[Site "Istanbul"]
[Date "2000.11.02"]
[Round "6.12.2"]
[White "Cosma, Elena Luminita"]
[Black "Macek, Vlasta"]
[WhiteElo "2360"]
[BlackElo "2277"]
[WhiteCountry "ROM"]
[BlackCountry "CRO"]
[Result "1/2-1/2"]

1. d4 d5 2. Nf3 c6 3. Bf4 Qb6 4. Qc1 Bf5 5. e3 e6 6. Be2 Nf6 7. O-O Nbd7 
8. c4 Be7 9. h3 h6 10. Nc3 O-O 11. c5 Qd8 12. b4 Ne4 13. a4 Bf6 14. Ra3 Re8 
15. Nxe4 Bxe4 16. Bd6 e5 17. Rd1 a6 18. Rb3 
1/2-1/2

[Event "34th Chess Olympiad (women)"]
[Site "Istanbul"]
[Date "2000.11.02"]
[Round "6.12.3"]
[White "Jelica, Mara"]
[Black "Sasu-Ducsoara, Andreea"]
[WhiteElo "2192"]
[BlackElo "2229"]
[WhiteCountry "CRO"]
[BlackCountry "ROM"]
[Result "1/2-1/2"]

1. e4 Nf6 2. e5 Nd5 3. d4 d6 4. Nf3 g6 5. Bc4 Nb6 6. Bb3 Bg7 7. a4 dxe5 
8. Nxe5 Bxe5 9. dxe5 Qxd1+ 10. Kxd1 Nc6 11. a5 Nd7 12. e6 fxe6 13. Bxe6 Nde5 
14. Bb3 Bg4+ 15. Ke1 O-O-O 16. f3 Bf5 17. Bf4 a6 18. Nc3 Rhf8 19. Bh6 Rf6 
20. Ne2 Rfd6 21. Bf4 Be6 22. Bxe6+ Rxe6 23. Kf2 Nc4 24. b3 N4xa5 25. Nc3 b6 
26. Ne4 Nb4 27. Ra4 Nac6 28. c3 Nd3+ 29. Kg3 Nxf4 30. Kxf4 a5 31. Kg3 Re5 
32. Rc1 Rd3 33. Kf2 Kd7 34. Ra2 Kc8 35. Ke2 Rd7 36. Kf2 Red5 37. Ke2 Kb7 
38. Rca1 Ne5 39. Rc2 Nd3 40. Rb1 Nf4+ 41. Ke3 Ne6 42. Kf2 Rd1 43. Rxd1 Rxd1 
44. Kg3 Rb1 45. Nd2 Re1 46. Ne4 Kc6 47. Kf2 Rh1 48. h3 Nf4 49. Kg3 Nd5 
50. Ng5 Nf6 51. Re2 Kd7 52. Rd2+ Kc6 53. Re2 Kd7 54. Rd2+ Ke8 55. Ne6 Rb1 
56. Nxc7+ Kf7 57. b4 axb4 58. cxb4 Rxb4 59. Kf2 h5 60. g4 h4 61. g5 Nh5 
62. Nd5 Rb5 63. Rd4 e5 64. Rd2 Nf4 65. Nxf4 exf4 66. Rd4 Rf5 67. Re4 b5 
68. Ke2 Kg7 69. Kf2 
1/2-1/2

[Event "34th Chess Olympiad (women)"]
[Site "Istanbul"]
[Date "2000.11.02"]
[Round "6.13.1"]
[White "Baginskaite, Camilla"]
[Black "Danielian, Elina"]
[WhiteElo "2287"]
[BlackElo "2389"]
[WhiteCountry "USA"]
[BlackCountry "ARM"]
[Result "0-1"]

1. d4 d5 2. c4 dxc4 3. Nf3 Nf6 4. e3 e6 5. Bxc4 c5 6. Qe2 a6 7. dxc5 Bxc5 
8. O-O Nc6 9. e4 Qc7 10. e5 Nd7 11. Bf4 b5 12. Bd3 Be7 13. Nbd2 Nc5 14. Bb1 Bb7 
15. Rc1 Rc8 16. a3 Qd8 17. Qe3 Na4 18. Be4 Nb6 19. Rc2 Nd5 20. Bxd5 Qxd5 
21. Rac1 O-O 22. Qb6 Qd7 23. Nb3 Nb8 24. Rd2 Rxc1+ 25. Nxc1 Qc8 26. Rd3 Rd8 
27. Rxd8+ Bxd8 28. Qe3 Nd7 29. Nb3 Bd5 30. Qd3 h6 31. h3 Nb6 32. Nfd2 Nc4 
33. Qc3 Bb6 34. Nxc4 bxc4 35. Nd2 Qc6 36. Nf3 Qa4 37. Be3 Ba5 38. Qc1 Qb3 
39. Nd4 Qd3 40. Qc2 Bb6 41. Qc3 Qb1+ 42. Kh2 Bc7 43. f4 g5 44. Nc2 Qf1 
45. Qd2 a5 46. Nd4 a4 47. Nb5 Bb8 48. Nc3 Bc6 49. Qe2 Qxe2 50. Nxe2 Kh7 
51. g4 Kg6 52. Kg3 f6 53. Bd4 gxf4+ 54. Kxf4 Bg2 55. h4 h5 56. g5 fxg5+ 
57. hxg5 Bc7 58. Kg3 Bd5 59. Nf4+ Kxg5 60. Ne2 Kf5 61. Kh4 Bd8+ 62. Kh3 Ke4 
63. Bc3 Ke3 64. Ng3 Bf3 65. Nf1+ Kf2 66. Nd2 Bg5 67. Bd4+ Ke2 68. Nb1 Kd3 
69. Bc5 Kc2 70. Nc3 Kxb2 71. Nxa4+ Kb3 
0-1

[Event "34th Chess Olympiad (women)"]
[Site "Istanbul"]
[Date "2000.11.02"]
[Round "6.13.3"]
[White "Epstein, Esther"]
[Black "Aginian, Nelly"]
[WhiteElo "2224"]
[BlackElo "2205"]
[WhiteCountry "USA"]
[BlackCountry "ARM"]
[Result "1/2-1/2"]

1. e4 e6 2. d4 d5 3. e5 c5 4. c3 Nc6 5. Nf3 Bd7 6. Be2 Nh6 7. Na3 cxd4 
8. cxd4 Bb4+ 9. Bd2 Bxa3 10. bxa3 Nf5 11. Bc3 Rc8 12. Qd2 Qe7 13. Bb4 Nxb4 
14. axb4 Ba4 15. Bd3 a6 16. O-O O-O 17. Rfc1 Bb5 18. Bxb5 axb5 19. Rc5 b6 
20. Rxb5 Qa7 21. a4 Qa6 22. h3 Rc4 23. Rc1 Rfc8 24. Rxc4 dxc4 25. Qc2 c3 
26. d5 exd5 27. Rxd5 Qc4 28. Rd7 g6 29. b5 Ra8 30. g4 Qxa4 31. Qxa4 Rxa4 
32. Rc7 Nd4 33. Nxd4 Rxd4 34. Rxc3 Rb4 35. f4 Rxb5 36. Kf2 Kf8 37. Rc7 g5 
38. fxg5 Rxe5 39. h4 Kg7 40. Rb7 Rb5 41. Kf3 Rb3+ 42. Kf4 Rb4+ 43. Kf5 Rb5+ 
44. Kf4 Rb4+ 
1/2-1/2

[Event "34th Chess Olympiad (women)"]
[Site "Istanbul"]
[Date "2000.11.02"]
[Round "6.14.2"]
[White "Piarnpuu, Leili"]
[Black "Peicheva-Hansen, Evgenia"]
[WhiteElo "2227"]
[BlackElo "2162"]
[WhiteCountry "EST"]
[BlackCountry "DEN"]
[Result "1/2-1/2"]

1. Nf3 c5 2. c4 Nf6 3. Nc3 Nc6 4. d4 cxd4 5. Nxd4 g6 6. e4 Bg7 7. Be3 O-O 
8. Be2 d6 9. O-O Bd7 10. Qd2 Re8 11. f3 a6 12. Rac1 Rc8 13. Rfd1 Nxd4 
14. Bxd4 Be6 15. b3 Qa5 16. Be3 Nd7 17. Bd4 Bxd4+ 18. Qxd4 Qc5 19. Qxc5 dxc5 
20. f4 Nb8 21. e5 Nc6 22. Bf3 Rc7 23. Bxc6 Rxc6 24. Rd2 Kf8 25. h3 Rb8 
26. Rcd1 Rcc8 27. a4 b6 28. Kf2 h6 29. g4 Ke8 30. Ke3 Rd8 31. Nd5 Bxd5 
32. Rxd5 Rxd5 33. Rxd5 Rd8 34. Rxd8+ Kxd8 35. f5 e6 36. fxe6 fxe6 37. h4 Kd7 
38. Kd3 a5 39. Ke4 
1/2-1/2

[Event "34th Chess Olympiad (women)"]
[Site "Istanbul"]
[Date "2000.11.02"]
[Round "6.14.3"]
[White "Steffensen, Elena"]
[Black "Bashkite, Viktoria"]
[WhiteElo "2068"]
[BlackElo "2052"]
[WhiteCountry "DEN"]
[BlackCountry "EST"]
[Result "1/2-1/2"]

1. e4 c5 2. Nc3 Nc6 3. f4 g6 4. Nf3 Bg7 5. Bc4 e6 6. f5 Nge7 7. fxe6 dxe6 
8. O-O O-O 9. d3 Na5 10. Qe1 Nxc4 11. dxc4 Nc6 12. Bg5 Qa5 13. Qh4 Qb4 
14. Bh6 Qxb2 15. Na4 Qf6 16. Bg5 Qxa1 17. Rxa1 Bxa1 18. c3 f6 19. Bxf6 b6 
20. Ng5 h5 21. e5 Bd7 22. g4 Nxe5 23. Bxe5 Rad8 24. gxh5 Bxa4 25. Qg4 Rd1+ 
26. Kg2 Rf5 27. Nf3 Bc6 28. Qxg6+ Kf8 29. Qg7+ Ke8 30. Qg8+ Ke7 31. Qg7+ Ke8 
32. Qg8+ 
1/2-1/2

[Event "34th Chess Olympiad (women)"]
[Site "Istanbul"]
[Date "2000.11.02"]
[Round "6.15.1"]
[White "Sanchez Castillo, Sarai"]
[Black "Eidelson, Rakhil"]
[WhiteElo "2093"]
[BlackElo "2360"]
[WhiteCountry "VEN"]
[BlackCountry "BLR"]
[Result "1-0"]

1. e4 c5 2. Nf3 Nc6 3. d4 cxd4 4. Nxd4 Nf6 5. Nc3 d6 6. Bc4 e6 7. Bb3 a6 
8. O-O Qc7 9. a4 Be7 10. Kh1 O-O 11. f4 Na5 12. Ba2 Bd7 13. f5 Nc4 
14. fxe6 fxe6 15. Qe2 Rac8 16. Nd1 b5 17. axb5 axb5 18. Nf2 Qc5 19. c3 Qe5 
20. b3 Nb6 21. Bb2 d5 22. Nf3 Qh5 23. e5 Ne4 24. Nxe4 dxe4 25. Qxe4 Bc6 
26. Qe2 Nd5 27. Nd4 Qxe2 28. Nxe2 Ne3 29. Rxf8+ Rxf8 30. b4 Bxg2+ 31. Kg1 Bh3 
32. Nd4 Nc4 33. Bxc4 bxc4 34. Rd1 Bh4 35. b5 Rf4 36. Kh1 Rf2 37. Ba3 Ra2 
38. b6 Bg2+ 39. Kg1 Be4 40. Bb4 Rg2+ 41. Kf1 Rxh2 42. Nxe6 Bf3 43. Rd8+ Bxd8 
44. Nxd8 Rd2 45. Bd6 Rb2 46. Bb4 Rxb4 47. cxb4 c3 48. Ke1 h5 49. b7 Bxb7 
50. Nxb7 Kf7 51. Nc5 h4 52. b5 h3 53. Kf2 c2 54. Nd3 Ke6 55. b6 Kd5 
1-0

[Event "34th Chess Olympiad (women)"]
[Site "Istanbul"]
[Date "2000.11.02"]
[Round "6.15.2"]
[White "Popova, Natalija"]
[Black "Blanco, Acevedo Maria Carolina"]
[WhiteElo "2297"]
[BlackElo "2030"]
[WhiteCountry "BLR"]
[BlackCountry "VEN"]
[Result "1/2-1/2"]

1. e4 c5 2. d3 Nc6 3. f4 g6 4. Nf3 Bg7 5. g3 e6 6. Bg2 Nge7 7. O-O O-O 8. c3 d6 
9. Na3 Rb8 10. Be3 b5 11. d4 b4 12. Nc2 bxc3 13. bxc3 Ba6 14. Re1 Qa5 
15. Qd2 Rb2 16. Rec1 Rfb8 17. Bf2 Bc4 18. Qe3 cxd4 19. cxd4 Rxa2 20. Rxa2 Qxa2 
21. Nd2 Bb3 22. Nxb3 Rxb3 23. Qe1 Rb2 24. Qd1 Nxd4 25. Bxd4 Bxd4+ 26. Qxd4 Rxc2 
27. Rxc2 Qxc2 28. Qxd6 Qc1+ 29. Kf2 Nc6 30. e5 Qc2+ 31. Kf1 Qc1+ 32. Ke2 Qc2+ 
33. Kf1 Qc4+ 34. Kf2 Qc2+ 35. Kf1 
1/2-1/2

[Event "34th Chess Olympiad (women)"]
[Site "Istanbul"]
[Date "2000.11.02"]
[Round "6.15.3"]
[White "Martinez, Aleidi"]
[Black "Zagorskaya, Tatiana"]
[WhiteElo "2181"]
[BlackElo "2125"]
[WhiteCountry "VEN"]
[BlackCountry "BLR"]
[Result "0-1"]

1. e4 e6 2. d4 d5 3. e5 c5 4. c3 Nc6 5. Nf3 Qb6 6. a3 a5 7. Bd3 Bd7 8. Bc2 Qa6 
9. Qd3 c4 10. Qe2 b5 11. Ng5 Nh6 12. Nxh7 Be7 13. O-O O-O-O 14. Ng5 Rdg8 
15. a4 b4 16. cxb4 axb4 17. Nf3 g5 18. Be3 Nf5 19. b3 g4 20. Bxf5 gxf3 
21. Qxf3 exf5 22. Qxd5 c3 23. Qf3 f4 24. Bxf4 Nxd4 25. Qe3 Ne2+ 26. Kh1 Ng3+ 
27. fxg3 Qxf1+ 28. Qg1 Rxh2+ 
0-1

[Event "34th Chess Olympiad (women)"]
[Site "Istanbul"]
[Date "2000.11.02"]
[Round "6.16.1"]
[White "Misanovic, Vesna"]
[Black "Reizniece, Dana"]
[WhiteElo "2384"]
[BlackElo "2275"]
[WhiteCountry "BIH"]
[BlackCountry "LAT"]
[Result "1/2-1/2"]

1. d4 Nf6 2. c4 g6 3. Nc3 Bg7 4. e4 d6 5. Nf3 O-O 6. Be2 e5 7. d5 a5 8. h3 Na6 
9. Bg5 Qe8 10. Nd2 Nd7 11. g4 Ndc5 12. Nb3 a4 13. Nxc5 Nxc5 14. Rg1 Kh8 
15. Qd2 f5 16. exf5 gxf5 17. Bh6 Bxh6 18. Qxh6 fxg4 19. hxg4 Qf7 20. f3 Qf4 
21. Qxf4 Rxf4 22. Kd2 Bd7 23. Ke3 Raf8 24. Rab1 Be8 25. b4 axb3ep 26. axb3 Bg6 
27. Rb2 e4 28. fxe4 Nxe4 29. Nb5 Ng5 30. Nc3 Rf3+ 31. Kd2 Re8 32. Rg2 Rf4 
33. Kc1 Re3 34. Nd1 Rh3 35. Nf2 Rc3+ 36. Kd1 Rd4+ 37. Ke1 Rc1+ 38. Bd1 Ra1 
39. Ke2 Rf4 40. Bc2 Bxc2 41. Rxc2 Rb1 42. Rg3 Rxf2+ 43. Kxf2 Ne4+ 44. Kg2 Nxg3 
45. Kxg3 Rxb3+ 46. Kf4 Kg7 47. Re2 Kf7 48. Kg5 Rc3 49. Re4 Rc1 50. Kf5 h6 
51. Rf4 Re1 52. Rf2 Re5+ 53. Kf4 Kg6 54. Rb2 b6 55. Ra2 b5 56. Ra7 bxc4 
57. Rxc7 Rxd5 58. Rxc4 Re5 59. Rc8 Re6 60. Rg8+ Kf7 61. Rh8 Kg7 62. Rd8 Kf6 
1/2-1/2

[Event "34th Chess Olympiad (women)"]
[Site "Istanbul"]
[Date "2000.11.02"]
[Round "6.16.2"]
[White "Ungure, Liga"]
[Black "Titova-Boric, Elena"]
[WhiteElo "2119"]
[BlackElo "2207"]
[WhiteCountry "LAT"]
[BlackCountry "BIH"]
[Result "0-1"]

1. e4 Nf6 2. e5 Nd5 3. d4 d6 4. Nf3 g6 5. Bc4 Nb6 6. Bb3 Nc6 7. exd6 cxd6 
8. d5 Ne5 9. Nxe5 dxe5 10. O-O Bg7 11. a4 O-O 12. a5 Nd7 13. Be3 f5 14. f4 exf4 
15. Bd4 g5 16. Re1 Kh8 17. h4 gxh4 18. Bxg7+ Kxg7 19. Qd4+ Rf6 20. Qxf4 h3 
21. gxh3 Nf8 22. Nc3 Ng6 23. Qf2 Bd7 24. Re2 Qc7 25. Qh2 Qc5+ 26. Qf2 Qd6 
27. Rf1 Kh8 28. Qe1 Nf4 29. Rh2 Rg8+ 30. Kh1 Nh5 31. Ne2 Qe5 32. Qc3 Qxc3 
33. bxc3 f4 34. Rg1 f3 35. Rxg8+ Kxg8 36. d6+ Kf8 37. dxe7+ Kxe7 38. Kg1 fxe2 
39. Rxe2+ Kd6 40. Rd2+ Kc7 41. Kh2 Rf3 42. Rd5 Rxh3+ 
0-1

[Event "34th Chess Olympiad (women)"]
[Site "Istanbul"]
[Date "2000.11.02"]
[Round "6.16.3"]
[White "Dengler, Dijana"]
[Black "Berzina, Ilze"]
[WhiteElo "2120"]
[BlackElo "2194"]
[WhiteCountry "BIH"]
[BlackCountry "LAT"]
[Result "0-1"]

1. d4 d5 2. c4 e6 3. Nc3 c6 4. e3 Nd7 5. Nf3 f5 6. Be2 Bd6 7. Qc2 Ne7 
8. Bd2 O-O 9. g3 Kh8 10. Ng5 Nf6 11. h4 Ne4 12. Ncxe4 fxe4 13. Nh3 e5 
14. dxe5 Bxe5 15. Nf4 Bf5 16. Bc3 d4 17. Bxd4 Bxd4 18. O-O-O c5 19. h5 Qb6 
20. exd4 cxd4 21. h6 g5 22. Nh5 Rad8 23. Qd2 Qg6 24. Qb4 Nc6 25. Qa3 d3 
26. Qc3+ Nd4 27. g4 Kg8 28. Bxd3 Bxg4 29. c5 exd3 30. Qc4+ Be6 31. Qxd3 Nb3+ 
0-1

[Event "34th Chess Olympiad (women)"]
[Site "Istanbul"]
[Date "2000.11.02"]
[Round "6.17.1"]
[White "Vijayalakshmi, Subbaraman"]
[Black "Hund, Barbara"]
[WhiteElo "2378"]
[BlackElo "2292"]
[WhiteCountry "IND"]
[BlackCountry "SUI"]
[Result "1-0"]

1. d4 Nf6 2. c4 e6 3. Nc3 Bb4 4. Qc2 c5 5. dxc5 Na6 6. a3 Bxc3+ 7. Qxc3 Nxc5 
8. b4 Nce4 9. Qd4 d5 10. f3 Nd6 11. cxd5 exd5 12. Bg5 h6 13. Bxf6 Qxf6 
14. Qxf6 gxf6 15. e3 a5 16. b5 Ke7 17. Bd3 Bd7 18. a4 Nc8 19. Ne2 Nb6 
20. Kd2 Be6 21. Rhc1 Rhc8 22. Nd4 Rxc1 23. Rxc1 Kd6 24. Ra1 Nd7 25. Rc1 Nc5 
26. Bc2 b6 27. Bd1 Bd7 28. Bc2 Rc8 29. Rd1 Ke7 30. Ke1 Kf8 31. Ne2 Be6 
32. Nf4 Rd8 33. Rd4 Ke7 34. Kd2 Rg8 35. Kc3 Rc8 36. Kb2 Kd6 37. Bb1 f5 
38. Ba2 Ke5 39. Ne2 Nd7 40. Nc3 Nf6 41. Ne2 Ne8 42. f4+ Kd6 43. e4 Nc7 
44. e5+ Ke7 45. Rd2 Ne8 46. Nd4 Rc5 47. Rc2 Rxc2+ 48. Kxc2 f6 49. Kd3 Ng7 
50. Nc6+ Kd7 51. Kd4 fxe5+ 52. Kxe5 d4 53. Bxe6+ Nxe6 54. Nxd4 Nc5 
55. Kxf5 Nxa4 56. Kg6 Nc5 57. f5 a4 58. Nc2 Nd3 59. Kxh6 Ke7 60. Kg7 Nf4 
61. f6+ Kd6 62. f7 Ne6+ 63. Kg8 Kd5 
1-0

[Event "34th Chess Olympiad (women)"]
[Site "Istanbul"]
[Date "2000.11.02"]
[Round "6.17.2"]
[White "Ramseier, Jana S"]
[Black "Meenakshi, S"]
[WhiteElo "2156"]
[BlackElo "2226"]
[WhiteCountry "SUI"]
[BlackCountry "IND"]
[Result "0-1"]

1. d4 d5 2. Nf3 Nf6 3. g3 c6 4. Bg2 Bg4 5. O-O e6 6. c3 Bd6 7. Bg5 Nbd7 
8. Nbd2 Qb6 9. Qb3 Qxb3 10. axb3 h6 11. Bf4 Bxf4 12. gxf4 Ke7 13. Rfe1 a6 
14. Ne5 Bh5 15. b4 g5 16. fxg5 hxg5 17. Nd3 Bg6 18. Nc5 Rab8 19. e3 Rh6 
20. Bf3 Nxc5 21. bxc5 Rbh8 22. Nf1 Bd3 23. Be2 Bxe2 24. Rxe2 g4 25. Ra4 Kd7 
26. c4 Ne4 27. cxd5 exd5 28. Rb4 Kc8 29. Kg2 Rh3 30. Rc2 f6 31. Ra4 Ng5 
32. Re2 Nf3 33. e4 Nxh2 34. exd5 Nxf1 35. dxc6 Rh1 36. Re8+ Rxe8 37. cxb7+ Kxb7 
38. Rb4+ Kc7 39. Kxh1 Re4 40. Rb6 Rxd4 41. Rxf6 a5 42. Rg6 Nd2 43. Kg2 Rb4 
44. Kg3 Ne4+ 45. Kxg4 Nxf2+ 46. Kf3 Nd3 47. Ra6 a4 48. Ra5 Nxb2 49. Ke2 Rc4 
50. Kd2 Kc6 51. Ra8 Kxc5 52. Rh8 a3 53. Rh1 Kb4 54. Rb1 Kb3 55. Ra1 a2 
56. Ke2 Na4 57. Kd3 Rc3+ 58. Kd4 
0-1

[Event "34th Chess Olympiad (women)"]
[Site "Istanbul"]
[Date "2000.11.02"]
[Round "6.17.3"]
[White "Dhar-Barua, Saheli"]
[Black "Bohrer Moser, Ruth"]
[WhiteElo "2212"]
[BlackElo "2015"]
[WhiteCountry "IND"]
[BlackCountry "SUI"]
[Result "1-0"]

1. e4 d5 2. exd5 Qxd5 3. Nc3 Qa5 4. d4 Bf5 5. Nf3 c6 6. Bc4 e6 7. O-O Nd7 
8. Re1 Ngf6 9. Bf4 Bb4 10. Nh4 O-O 11. Be5 Bxc3 12. bxc3 Qxc3 13. Nxf5 exf5 
14. Bd3 Nxe5 15. dxe5 Ne4 16. Rb1 b6 17. g4 Rad8 18. gxf5 Nc5 19. Re3 Nxd3 
20. cxd3 c5 21. Qe2 Rfe8 22. Re1 Rd5 23. Kh1 Qd4 24. Qf3 b5 25. Qg3 Rd7 
26. f6 g6 27. Qg5 Qd5+ 28. Kg1 Kh8 29. Qh6 
1-0

[Event "34th Chess Olympiad (women)"]
[Site "Istanbul"]
[Date "2000.11.02"]
[Round "6.18.1"]
[White "Batceceg, Tuvshintogs"]
[Black "Nepeina-Leconte, Maria"]
[WhiteElo "2237"]
[BlackElo "2289"]
[WhiteCountry "MGL"]
[BlackCountry "FRA"]
[Result "0-1"]

1. d4 d5 2. Nf3 c5 3. g3 Nc6 4. Bg2 e6 5. O-O Nf6 6. c4 Be7 7. cxd5 exd5 
8. Nc3 O-O 9. dxc5 d4 10. Na4 Bf5 11. a3 Be4 12. b4 Qd5 13. Nh4 Rad8 14. Nb2 g5 
15. Bxe4 Nxe4 16. Ng2 Qe6 17. Qc2 Nc3 18. Re1 Bf6 19. Nd3 Rfe8 20. Kh1 Qf5 
21. Bb2 Ne4 22. Rf1 Qh3 23. Kg1 Re6 24. f4 Rde8 25. Rae1 h6 26. f5 R6e7 
27. b5 Ne5 28. Ndf4 gxf4 29. Nxf4 Qg4 30. Qxe4 Nc4 31. Qb1 Re3 32. Bc1 R3e5 
33. Qd3 Rxc5 34. a4 Ne3 35. Rf3 Rc3 36. Qb1 Nxf5 37. Nd5 Qxf3 38. Nxf6+ Kh8 
39. exf3 Rxe1+ 40. Kf2 Rexc1 41. Qxf5 R3c2+ 42. Qxc2 Rxc2+ 43. Ke1 Ra2 
44. Ne4 Rxa4 45. Nd6 Rb4 46. Nxf7+ Kg7 47. Nd6 a5 
0-1

[Event "34th Chess Olympiad (women)"]
[Site "Istanbul"]
[Date "2000.11.02"]
[Round "6.18.2"]
[White "Flear, Christine"]
[Black "Mongontuul, Bathuyang"]
[WhiteElo "2230"]
[BlackElo "2110"]
[WhiteCountry "FRA"]
[BlackCountry "MGL"]
[Result "1/2-1/2"]

1. d4 Nf6 2. Nf3 g6 3. g3 Bg7 4. Bg2 d6 5. O-O O-O 6. c4 c5 7. Nc3 Nc6 
8. dxc5 dxc5 9. Be3 Be6 10. Nd2 Nd4 11. Nb3 Qc7 12. Nxc5 Qxc5 13. Qxd4 Qxc4 
14. Bxb7 Qxd4 15. Bxd4 Rab8 16. Bf3 Rxb2 17. Bxa7 Nd7 18. Nd5 Rd2 19. Nxe7+ Kh8 
20. Rfd1 Ne5 21. Rxd2 Nxf3+ 22. exf3 Bxa1 23. a4 Bb3 24. Bd4+ Bxd4 25. Rxd4 Ra8 
26. f4 Bxa4 27. f5 Kg7 28. Nd5 Bc6 29. f6+ Kf8 30. Rd1 Rd8 31. Ne3 Rxd1+ 
32. Nxd1 Ke8 33. f4 Kd7 34. Kf2 Ke6 35. Ne3 Kxf6 36. g4 Be4 37. Kg3 h6 
38. Kf2 Ke6 39. Kg3 Kd6 40. Nc4+ Kd5 41. Ne5 Ke6 42. Nc4 Kd5 
1/2-1/2

[Event "34th Chess Olympiad (women)"]
[Site "Istanbul"]
[Date "2000.11.02"]
[Round "6.18.3"]
[White "Otgonjargal, Sengeravdan"]
[Black "Te-Lallemand, Rosa"]
[WhiteElo "2000"]
[BlackElo "2289"]
[WhiteCountry "MGL"]
[BlackCountry "FRA"]
[Result "0-1"]

1. e4 c5 2. Nf3 d6 3. Bb5+ Bd7 4. Bxd7+ Qxd7 5. c4 Nc6 6. Nc3 Ne5 7. Qe2 g6 
8. O-O Qg4 9. h3 Nxf3+ 10. Qxf3 Qxf3 11. gxf3 Bg7 12. Rb1 Nf6 13. b4 b6 
14. Nd5 Nxd5 15. cxd5 e6 16. dxe6 fxe6 17. a4 O-O 18. Kg2 Rf7 19. bxc5 dxc5 
20. a5 bxa5 21. Rb5 Bd4 22. Rxa5 Raf8 23. Ba3 Rxf3 24. Bxc5 Rxf2+ 
25. Rxf2 Rxf2+ 26. Kg3 Bxc5 27. Rxc5 Rxd2 28. Rc8+ Kg7 29. Rc7+ Kf6 
30. Rxa7 Rd3+ 31. Kg2 h5 32. Ra5 Re3 33. Ra4 Ke5 
0-1

[Event "34th Chess Olympiad (women)"]
[Site "Istanbul"]
[Date "2000.11.02"]
[Round "6.19.2"]
[White "Sabirova, S"]
[Black "Carvalho, Alda"]
[WhiteElo "2131"]
[BlackElo "2063"]
[WhiteCountry "KGZ"]
[BlackCountry "POR"]
[Result "1-0"]

1. d4 d5 2. Nf3 Nf6 3. Bf4 c6 4. e3 Bf5 5. c4 Qb6 6. Qb3 Qxb3 7. axb3 Nbd7 
8. h3 h6 9. Be2 g5 10. Bh2 Bg7 11. Nbd2 Ne4 12. g4 Bg6 13. O-O Nxd2 14. Nxd2 h5 
15. cxd5 cxd5 16. Rfc1 e5 17. Bb5 exd4 18. Rc7 Rd8 19. exd4 Bxd4 20. Bd6 Rh6 
21. Re1+ Be4 22. Nxe4 Re6 23. Bc5 Bxc5 24. Nf6+ Ke7 25. Rxe6+ fxe6 26. Nxd7 Kd6 
27. Nxc5 
1-0

[Event "34th Chess Olympiad (women)"]
[Site "Istanbul"]
[Date "2000.11.02"]
[Round "6.19.3"]
[White "Coimbra, Margarida"]
[Black "Korsakova, Tatiana"]
[WhiteElo "2043"]
[BlackElo "2035"]
[WhiteCountry "POR"]
[BlackCountry "KGZ"]
[Result "1-0"]

1. e4 c5 2. Nc3 d6 3. g3 Nc6 4. Bg2 g6 5. d3 Bg7 6. Be3 Nf6 7. h3 Rb8 
8. Nge2 Bd7 9. O-O O-O 10. Qd2 Re8 11. f4 Qc8 12. Kh2 b5 13. g4 b4 14. Nd1 e5 
15. Ng3 Rf8 16. f5 Ne8 17. Bh6 f6 18. h4 Ne7 19. Bxg7 Kxg7 20. Ne3 Bc6 
21. g5 Qd8 22. Ng4 Ng8 23. Rf2 d5 24. exd5 Bxd5 25. Bxd5 Qxd5 26. Ne4 Rd8 
27. Raf1 gxf5 28. Nexf6 Nexf6 29. gxf6+ Rxf6 30. Nxf6 Nxf6 31. Qg5+ Kf7 
32. Rxf5 
1-0

[Event "34th Chess Olympiad (women)"]
[Site "Istanbul"]
[Date "2000.11.02"]
[Round "6.20.1"]
[White "Tamin, Upi"]
[Black "Geldyeva, Mexnri"]
[WhiteElo "2240"]
[BlackElo "2283"]
[WhiteCountry "INA"]
[BlackCountry "TKM"]
[Result "1/2-1/2"]

1. e4 d6 2. d4 Nf6 3. Nc3 g6 4. f3 Bg7 5. Be3 c6 6. Qd2 O-O 7. Bh6 Bxh6 
8. Qxh6 Qb6 9. O-O-O Qa5 10. g4 b5 11. Nh3 b4 12. Nb1 Nbd7 13. Ng5 Re8 
14. h4 Nf8 15. h5 e5 16. Bc4 d5 17. Bd3 Qc7 18. dxe5 Qxe5 19. Nd2 a5 
20. hxg6 fxg6 21. exd5 cxd5 22. Bxg6 Re7 23. Bf5 a4 24. f4 Qd4 25. Ngf3 Qb6 
26. g5 Bxf5 27. gxf6 Rc7 28. Qg5+ Bg6 29. Qxd5+ Qe6 30. f7+ Qxf7 31. Qxf7+ Bxf7 
32. Rdg1+ Kh8 33. b3 axb3 34. axb3 Ra2 35. Nd4 Ne6 36. N2f3 Nxf4 37. Kd2 Bd5 
38. Rh4 Ne6 39. Rhg4 Nc5 40. Ke3 Re7+ 41. Kf4 Ra8 42. Re1 Rf8+ 43. Kg3 Rxe1 
44. Nxe1 Ne4+ 45. Kh2 Rf6 46. Nd3 Nf2 47. Nxf2 Rxf2+ 48. Kg3 Rg2+ 49. Kf4 Rxg4+ 
50. Kxg4 Kg7 51. Kf4 Kf6 52. Nb5 Bc6 53. Nd4 Bb7 54. Ne2 Bd5 55. Nc1 Ke6 
56. Nd3 Kd6 57. Nxb4 Bg2 58. Nd3 h5 59. Ne1 Bd5 60. Nd3 Bg2 61. Kg5 Bf3 
62. c3 Bd1 63. b4 Kd5 64. Nb2 Be2 65. Kh4 Ke4 66. Kg3 Ba6 67. Kh4 Be2 
68. Kg3 Ba6 69. Kh4 Be2 70. Na4 Kd5 71. Nb2 Ke4 72. Kh3 Ke3 73. Kg3 Ba6 
74. Kh4 Be2 75. c4 Kd4 76. b5 Kc5 77. Kg5 Bxc4 
1/2-1/2

[Event "34th Chess Olympiad (women)"]
[Site "Istanbul"]
[Date "2000.11.02"]
[Round "6.20.2"]
[White "Atbashieva, Guldjahan"]
[Black "Zakiah, Al"]
[WhiteElo "2243"]
[BlackElo "2000"]
[WhiteCountry "TKM"]
[BlackCountry "INA"]
[Result "1/2-1/2"]

1. e4 d5 2. exd5 Qxd5 3. Nc3 Qd8 4. Bc4 e6 5. Nf3 Nf6 6. O-O Be7 7. d4 c6 
8. Bd3 b6 9. Ne4 Nbd7 10. Ne5 Bb7 11. Qe2 O-O 12. c3 c5 13. Nxd7 Qxd7 
14. Nxf6+ Bxf6 15. dxc5 Qc6 16. Qg4 Rfd8 17. Bc2 Qxc5 18. Be3 Qb5 19. Rab1 Rac8 
20. f4 Qc4 21. Qh3 g6 22. Bb3 Qc6 23. Rbe1 Ba6 24. Rf3 Bc4 25. Qg3 Bg7 
26. Qf2 Bxb3 27. axb3 Rd3 28. Qe2 Rcd8 29. Rff1 Qd5 30. Qc2 Qf5 31. Qb1 Qb5 
32. Qa2 R3d7 33. Qa4 Qxa4 34. bxa4 Kf8 35. Ra1 Rb8 36. Rfd1 Ke8 37. Kf2 h5 
38. Ke2 Kd8 39. Rd3 Kc7 40. b4 Rbd8 41. Rad1 Rd6 42. c4 Rxd3 43. Rxd3 Bf8 
44. Rxd8 Kxd8 45. Bd2 Bd6 46. Kf3 e5 47. fxe5 Bxe5 48. h3 Kd7 49. a5 bxa5 
50. bxa5 a6 51. Be3 Ke6 52. Bb6 f5 53. Bd8 Kd6 54. Bb6 Ke6 55. h4 Bf6 
56. g3 Be5 57. Be3 Bc7 58. Bd2 Be5 59. Bf4 Bc3 60. Bc7 Kd7 61. Bb6 Be5 
62. Bf2 Bc7 63. Be1 Ke6 64. Ke3 Be5 65. Kd3 Kd6 66. Bf2 Kc6 67. Kc2 Bc7 
68. Be1 f4 69. gxf4 Bxf4 70. Kd3 g5 71. Ke4 Bc1 72. hxg5 Bxg5 73. Bb4 h4 
74. Kf3 Bd8 75. Kg4 Kd7 76. Kf4 Ke6 77. Bc3 Kd6 78. Bb4+ Ke6 79. Bc3 Bc7+ 
80. Kg4 Bg3 81. Bd4 Kd6 82. Kh3 Be1 83. Bb6 Ke5 84. Kg4 Ke4 85. Kh3 Ke5 
1/2-1/2

[Event "34th Chess Olympiad (women)"]
[Site "Istanbul"]
[Date "2000.11.02"]
[Round "6.20.3"]
[White "Riayaningrum, Yeni"]
[Black "Ovezova, Maisa"]
[WhiteElo "2000"]
[BlackElo "2174"]
[WhiteCountry "INA"]
[BlackCountry "TKM"]
[Result "0-1"]

1. e4 g6 2. d4 Bg7 3. Nc3 d6 4. f4 c6 5. Nf3 Nf6 6. Bd3 Qc7 7. O-O Bg4 
8. Be3 Nbd7 9. h3 Bxf3 10. Qxf3 e5 11. dxe5 dxe5 12. f5 a6 13. a4 Qa5 
14. Rab1 Qb4 15. Qf2 Rc8 16. Bd2 Qc5 17. Be3 Qb4 18. Bd2 Qc5 19. Rbe1 Qxf2+ 
20. Rxf2 Nc5 21. fxg6 fxg6 22. Bf1 O-O 23. Bg5 b5 24. axb5 axb5 25. Bxf6 Bxf6 
26. Rd2 Bh4 27. Ree2 Rf4 28. b4 Rcf8 29. Rd1 Ne6 30. Red2 Bf2+ 31. Kh2 Bd4 
32. Nxb5 Rxf1 33. Rxf1 Rxf1 34. Nxd4 exd4 35. c3 dxc3 36. Rc2 Nd4 37. Rxc3 Re1 
38. Ra3 Rxe4 39. g3 
0-1